Strategic management : (Record no. 363730)
[ view plain ]
| 000 -LEADER | |
|---|---|
| fixed length control field | 00473nam a2200145Ia 4500 |
| 008 - FIXED-LENGTH DATA ELEMENTS--GENERAL INFORMATION | |
| fixed length control field | 200619s9999 xx 000 0 und d |
| 020 ## - INTERNATIONAL STANDARD BOOK NUMBER | |
| International Standard Book Number | 9.789810698e+012 |
| 100 ## - MAIN ENTRY--PERSONAL NAME | |
| Personal name | David, Fred R. |
| 245 ## - TITLE STATEMENT | |
| Statement of responsibility, etc | Fred R. David.-- |
| Title | Strategic management : |
| Remainder of title | concepts and cases / |
| 250 ## - EDITION STATEMENT | |
| Edition statement | 13th ed. |
| 260 ## - PUBLICATION, DISTRIBUTION, ETC. (IMPRINT) | |
| Place of publication, distribution, etc | Singapore: |
| Name of publisher, distributor, etc | Pearson Education South Asia Pte Ltd. |
| Date of publication, distribution, etc | 2012 |
| 300 ## - PHYSICAL DESCRIPTION | |
| Extent | 306 pages |
| Dimensions | 27 cm |
| 650 ## - SUBJECT ADDED ENTRY--TOPICAL TERM | |
| Topical term or geographic name as entry element | Strategic planning -- Case studies. |
| 650 ## - SUBJECT ADDED ENTRY--TOPICAL TERM | |
| Topical term or geographic name as entry element | Strategic planning. |
| Withdrawn status | Lost status | Damaged status | Home library | Current library | Shelving location | Date acquired | Total Checkouts | Full call number | Barcode | Date last seen | Price effective from | Koha item type |
|---|---|---|---|---|---|---|---|---|---|---|---|---|
| Southville International School Affiliated with Foreign Universities Library | Southville International School Affiliated with Foreign Universities Library | Southville Foreign University Section | 06/19/2020 | HD 30.28 .D249 2012 | SFU0642 | 06/19/2020 | 06/19/2020 | Books |